La niñez del Padre Roxas /

Bibliographic Details
Main Author: Vega, Lope de, 1562-1635
Other Authors: Bastianutti, Diego Louis, 1939-
Format: Book
Language:Spanish
English
Published: New York : P. Lang, [1988]
Series:American university studies. Romance languages and literature ; vol. 54.

MARC

Tag First Indicator Second Indicator Subfields
LEADER 00000cam a2200000 a 4500
001 in00001403025
005 20160130063639.0
008 860721s1988 nyu b 001 0 spa
010 |a  86020187  
020 |a 0820403628 :  |c $28.00 
035 |a (OCoLC)14002085 
035 |9 AHM7073AM 
040 |a DLC  |c DLC  |d UtOrBLW 
041 0 |a spa  |a eng 
049 |a TXAM 
050 0 0 |a PQ6439  |b .N45 1988 
082 0 0 |a 862/.3  |2 19 
100 1 |a Vega, Lope de,  |d 1562-1635. 
245 1 3 |a La niñez del Padre Roxas /  |c Lope de Vega ; edited from the autograph manuscript with introduction, study, and notes by Diego L. Bastianutti. 
264 1 |a New York :  |b P. Lang,  |c [1988] 
264 4 |c ©1988 
300 |a x, 274 pages ;  |c 23 cm. 
336 |a text  |b txt  |2 rdacontent 
337 |a unmediated  |b n  |2 rdamedia 
338 |a volume  |b nc  |2 rdacarrier 
490 1 |a American university studies. Series II, Romance languages and literature,  |v vol. 54 
504 |a Bibliography: pages 263-272. 
500 |a Includes index. 
700 1 |a Bastianutti, Diego Louis,  |d 1939- 
830 0 |a American university studies.  |n Series II,  |p Romance languages and literature ;  |v vol. 54. 
948 |a c:en 
999 |a MARS 
999 f f |s ec725557-4c72-3f50-b285-f0145475dad7  |i 2f9e22c8-c98a-3e3a-8a72-4475e5eb1c22  |t 0 
952 f f |p ric  |a Texas A&M University  |b Rellis Campus  |c Joint Library Facility  |d Remote Storage  |t 0  |e PQ6439 .N45 1988  |h Library of Congress classification  |i unmediated -- volume  |m A14822545950 
998 f f |a PQ6439 .N45 1988  |t 0  |l Remote Storage